| 000 | 03739nam a2200565 i 4500 | ||
|---|---|---|---|
| 001 | xb25339424 | ||
| 006 | m d | ||
| 007 | cr n | ||
| 008 | 180503t20182018enka sb 000 0 eng d | ||
| 020 | _a9781783744701 (pdf) | ||
| 020 | _a9781783744718 (epub) | ||
| 020 | _a9781783744725 (mobi) | ||
| 020 | _z9781783744688 (pbk.) | ||
| 020 | _z9781783744695 (hbk.) | ||
| 020 | _z9781783745050 (XML) | ||
| 022 | _a2054-362X (Online) | ||
| 022 | _z2050-7933 (Print) | ||
| 040 |
_aStSaUL _beng _erda |
||
| 041 | 1 |
_aeng _hkha |
|
| 100 | 1 |
_aTham, Soso, _d1873-1940, _eauthor. |
|
| 245 | 0 | 0 |
_aTales of darkness and light _h[electronic resource] : _bSoso Tham's The old days of the Khasis / _ctranslated by Janet Hujon. |
| 246 | 3 | _aOld days of the Khasis | |
| 246 | 3 | _aSoso Tham's The old days of the Khasis | |
| 264 | 1 | _bOpen Book Publishers, | |
| 300 |
_a1 online resource (100 pages) : _b3 colour illustrations. |
||
| 490 | 1 |
_aWorld oral literature series _x2054-362X ; _vvolume 9 |
|
| 500 | _aAvailable through Open Book Publishers. | ||
| 500 | _aWith 10 embedded audio tracks. | ||
| 504 | _aIncludes bibliography (unnumbered page 85). | ||
| 505 | 0 | _aPreface / Mark Turin -- Acknowledgements -- 1. Introduction -- 2. A Short Biographical Note -- 3. Khasi Folktales About Darkness and Light -- 4. Ki Symboh Ksiar (Grains of Gold) -- 5. Ka Persyntiew (The Flower Garden) -- 6. Pyrthei Mariang (The Natural World) -- 7. U Lyoh (The Cloud) -- 8. U Rngiew (The Dark One) -- 9. U Simpyllieng (The Rainbow) -- 10. Ka Ïing I Mei (Home) -- 11. Ka Meirilung (Gentle Motherland) -- 12. Lum Lamare (Lamare Peak) -- 13. Ka Aïom Ksiar (Season of Gold) -- Bibliography. | |
| 506 | _aOpen access resource providing free access. | ||
| 520 | _a"Soso Tham (1873-1940), the acknowledged poet laureate of the Khasis of northeastern India, was one of the first writers to give written poetic form to the rich oral tradition of his people. Poet of landscape, myth and memory, Soso Tham paid rich and poignant tribute to his tribe in his masterpiece The Old Days of the Khasis. Janet Hujon's vibrant new translation presents the English reader with Tham's long poem, which keeps a rich cultural tradition of the Khasi people alive through its retelling of old narratives and acts as a cultural signpost for their literary identity. This book is essential reading for anyone with an interest in Indian literature and culture and in the interplay between oral traditions and written literary forms. This edition includes: English translation ; Critical apparatus ; Embedded audio recordings of the original poem."--Publisher's website. | ||
| 538 | _aMode of access: World Wide Web. | ||
| 540 | _aThis work is licensed under a Creative Commons Attribution 4.0 International license (CC BY 4.0). For more detailed information consult the publisher's website. | ||
| 546 | _aTexts of poems translated from the Khasi. | ||
| 600 | 1 | 0 |
_aTham, Soso, _d1873-1940 _xCriticism and interpretation. |
| 650 | 0 | _aKhasi (Indic people) in literature. | |
| 650 | 0 |
_aKhasi (Indic people) _xFolklore _xPoetry. |
|
| 650 | 0 |
_aKhasi (Indic people) _zIndia _zMeghalaya _xSocial life and customs. |
|
| 650 | 0 |
_aKhasi poetry _vTranslations into English. |
|
| 700 | 1 |
_aHujon, Janet, _etranslator. |
|
| 710 | 2 |
_aOpen Book Publishers, _epublisher. |
|
| 830 | 0 |
_aWorld oral literature series ; _vv. 9. _x2054-362X |
|
| 856 | 4 | 0 |
_uhttp://doi.org/10.11647/OBP.0137 _zConnect to e-book |
| 856 | 4 | 2 |
_uhttp://www.openbookpublishers.com/shopimages/products/cover/746 _zConnect to cover image |
| 999 |
_c29222 _d29222 |
||